000 01061cam a2200325 i 4500
001 10300
003 BD-RjUL
005 20211208234930.0
008 140123s1975 nyua b 001 0 eng
020 _a012597650X
035 _a(BD-RjUL)10348
040 _aDLC
_cDLC
_dBD-RjUL
_beng
041 _aeng
082 0 0 _a541.393
_bROA 1975
100 1 _aRoss, Sidney D.
_d1918-
_931812
245 1 0 _aAnodic oxidation /
_cSidney D. Ross, Manuel Finkelstein, Eric J. Rudd.
260 _aNew York :
_bAcademic Press,
_c1975.
300 _ax, 339 p. :
_bill. ;
_c23 cm.
490 1 _aOrganic chemistry, a series of monographs ;
_vv. 32
504 _aIncludes bibliographical references and indexes.
650 0 _aElectrolytic oxidation.
_931813
650 0 _aPhysical organic chemistry.
_931814
830 0 _vv. 32.
_931822
700 1 _aFinkelstein, Manuel,
_ejoint author.
_931816
700 1 _aRudd, Eric J.,
_ejoint author.
_931817
830 0 _aOrganic chemistry (New York, N.Y.) ;
_931823
942 _2ddc
_cBK
999 _c10300
_d10300